Score 0/11 Timer 02:00
1 Play Today
Hint 4-Letter Word % Correct
Green citrus fruitLIME
99.6%
⋆ Classic TV show: The Facts of ____⋆ LIFE ⋆
98.2%
Christmas shopping locationMALL
97.9%
⋆ Corridor inside of a building ⋆⋆ HALL ⋆
97.5%
⋆ Jim Croce song: '____ in a Bottle' ⋆⋆ TIME ⋆
96.8%
Small geographical riseHILL
96.4%
Cash registerTILL
96.1%
One of 100 in a Scrabble gameTILE
95.8%
Barley prepped for fermentationMALT
94%
⋆ Second Gospel writer ⋆⋆ MARK ⋆
90.1%
Small shopMART
89.6%

Today's Daily Dose

Missing Word
The Unexplained

Quick Pick
Sunday Things

Get the Picture
Beat It or Eat It?

You're not logged in!

Compare scores with friends on all Sporcle quizzes.
OR
Log In

Sporcle TV

Today on Sporcle TV


Watch our educational content, quiz creation guides, and fun videos on Sporcle TV.

Show Comments

Extras

Top Quizzes Today


Score Distribution

Paid Content

Your Account Isn't Verified!

In order to create a playlist on Sporcle, you need to verify the email address you used during registration. Go to your Sporcle Settings to finish the process.

Report this User

Report this user for behavior that violates our Community Guidelines.

Details: